| 000 | 00537nam a2200169Ia 4500 | ||
|---|---|---|---|
| 005 | 20241213103414.0 | ||
| 008 | 231217s9999 xx 000 0 und d | ||
| 020 | _a9788131726891 | ||
| 082 | _a001.6424UML QUA;1 R | ||
| 100 | _aQuatrani, Terry. Palistrant, Jim. | ||
| 245 | 0 | _aVisual modeling with IBM rational software architecture and UML | |
| 260 |
_c2006 _bDorling Kindersley _aNoida |
||
| 300 | _axxiii, 193 | ||
| 400 | _aDeveloper works series | ||
| 650 | _aVisual,modeling,rational,software,architecture,UML | ||
| 942 | _cAA | ||
| 999 |
_c191686 _d191686 |
||